Beating about the bush, .... and beating the slowdown (Record no. 48450)

000 -LEADER
fixed length control field 00407pab a2200157 454500
008 - FIXED-LENGTH DATA ELEMENTS--GENERAL INFORMATION
fixed length control field 180718b2001 xxu||||| |||| 00| 0 eng d
100 ## - MAIN ENTRY--PERSONAL NAME
Personal name Bhattacharjee, Kalyan
245 ## - TITLE STATEMENT
Title Beating about the bush, .... and beating the slowdown
260 ## - PUBLICATION, DISTRIBUTION, ETC.
Date of publication, distribution, etc. 2001
300 ## - PHYSICAL DESCRIPTION
Extent p.259-63
362 ## - DATES OF PUBLICATION AND/OR SEQUENTIAL DESIGNATION
Dates of publication and/or sequential designation Apr
650 ## - SUBJECT ADDED ENTRY--TOPICAL TERM
Topical term or geographic name entry element Budget - India - 2001-2002
650 ## - SUBJECT ADDED ENTRY--TOPICAL TERM
Topical term or geographic name entry element Budget
773 ## - HOST ITEM ENTRY
Main entry heading Management Accountant
909 ## -
-- 48450
Holdings
Withdrawn status Lost status Damaged status Not for loan Permanent Location Current Location Date acquired Serial Enumeration / chronology Barcode Date last seen Price effective from Koha item type
        Indian Institute of Public Administration Indian Institute of Public Administration 2018-07-19 Volume no: 36, Issue no: 4 AR48878 2018-07-19 2018-07-19 Articles

Powered by Koha